Capitaines en Finale de Coupe du Monde de Football (Mort subite) - Statistiques

Statistiques générales
  • Ce quiz a été pris 886 fois
  • Le résultat moyen est 4 sur 20
Answers on the Grid
Answers color-coded by a green-red scale on the quiz's grid according to % correct below.
Lionel Messi
Hugo Lloris
Luka Modrić
Philipp Lahm
Giovanni van Bronckhorst
Iker Casillas
Fabio Cannavaro
Zinedine Zidane
Oliver Kahn
Cafu
Dunga
Didier Deschamps
Franco Baresi
Lothar Matthäus
Diego Maradona
Johan Cruyff
Franz Beckenbauer
Karl-Heinz Rummenigge
Ferenc Puskás
Dino Zoff
Gerd Müller
Paolo Rossi
Cristiano Ronaldo
Ronaldo
Roberto Carlos
Miroslav Klose
Lilian Thuram
Gianluigi Buffon
Wesley Sneijder
Andrés Iniesta
Gonzalo Higuaín
Manuel Neuer
Mario Kempes
Johan Neeskens
Pelé
Bobby Charlton
Garrincha
Oldřich Nejedlý
Pedro Cea
Michel Platini
 
Statistiques - réponses
Réponse % Correct
Lionel Messi
53%
Luka Modrić
46%
Hugo Lloris
45%
Didier Deschamps
36%
Iker Casillas
35%
Zinedine Zidane
33%
Fabio Cannavaro
26%
Philipp Lahm
26%
Franz Beckenbauer
23%
Diego Maradona
22%
Cafu
21%
Oliver Kahn
19%
Lothar Matthäus
12%
Johan Cruyff
11%
Dino Zoff
9%
Dunga
9%
Franco Baresi
7%
Karl-Heinz Rummenigge
7%
Giovanni van Bronckhorst
6%
Ferenc Puskás
3%
Aucun quiz correspondant
Distribution des résultats
% des personnes avec chaque résultat
Percentile par nombre de réponses
Votre historique - résultats
Vous n’avez pas pris ce quiz